[Event "Wch U20 51st"]
[Site "Athens"]
[Date "2012.08.13"]
[Round "11"]
[White "Grigoryan, Karen H"]
[Black "Wei, Yi"]
[Result "0-1"]
[WhiteElo "2529"]
[BlackElo "2418"]
[PlyCount "156"]
[EventDate "2012.08.02"]
[EventType "swiss"]
[EventRounds "13"]
[EventCountry "GRE"]
[SourceTitle "CBM 149 Extra"]
[Source "ChessBase"]
[SourceDate "2012.08.24"]
[SourceVersion "1"]
[SourceVersionDate "2012.08.24"]
[SourceQuality "1"]

1. d4 Nf6 2. c4 e6 3. Nc3 Bb4 4. Qc2 O-O 5. a3 Bxc3+ 6. Qxc3 b6 7. Bg5 Bb7 8. f3 h6 9. Bh4 d5 10. e3 Nbd7 11. cxd5 Nxd5 12. Bxd8 Nxc3 13. Bh4 ({RR} 13. Be7 Rfe8 14. Bh4 Nd5 15. Bf2 e5 16. e4 exd4 17. O-O-O Nf4 18. Bxd4 Rad8 19. Be3 Ne6 20. Nh3 Ne5 21. Bb5 Bc6 22. Bxc6 Nxc6 23. Nf4 Ncd4 24. Nxe6 Nxe6 25. Kc2 f6 26. b4 Kf7 27. Kc3 Ke7 {Inarkiev,E (2661)-Sjugirov,S (2712) Sochi RUS 2023 ½-½ (51)}) ({RR} 13. bxc3 Rfxd8 14. Bb5 c6 15. Ba4 e5 16. Ne2 b5 17. Bc2 c5 18. Kf2 exd4 19. exd4 Bd5 20. Rhd1 Bc4 21. Ng3 cxd4 22. Rxd4 Nb6 23. Nf5 Rxd4 24. Nxd4 Nd5 25. Be4 Rd8 26. Nc6 Rd7 27. Rd1 Kf8 {Poltorak,S (2362)-Tatarinov,D (2332) chess.com INT 2023 1-0 (60)}) ({RR} 13. Be7 Rfe8 14. Bh4 Nd5 15. Kf2 g5 16. Bg3 c5 17. h4 cxd4 18. exd4 N5f6 19. hxg5 hxg5 20. Nh3 g4 21. Ng5 Rac8 22. Bd3 e5 23. Rae1 exd4 24. Rxe8+ Rxe8 25. Rd1 gxf3 26. gxf3 Ne5 27. Bb5 Nxf3 {Zhou,J (2572)-Wei,Y (2557) Shenzhen 2013 ½-½ (55)}) 13... Nd5 14. Kd2 c5 $146 ({RR} 14... Rac8 15. e4 Nf4 16. Ne2 Ng6 17. Bg3 c5 18. Rd1 Rfd8 19. Ke3 Nde5 20. Nc3 cxd4+ 21. Rxd4 Rxd4 22. Kxd4 f5 23. Be2 f4 24. Bxf4 Nxf3+ 25. Bxf3 Nxf4 26. Ke3 Ng6 27. Bg4 Rc6 28. Rd1 Ne5 29. Rd8+ {Kotanjian,T (2568)-Onischuk,A (2659) Moscow 2009 0-1 (64)}) ({RR} 14... e5 15. Ne2 Rfe8 16. e4 Ne7 17. Kc2 f5 18. d5 Nc8 19. Nc3 Nd6 20. Be2 fxe4 21. fxe4 Nc5 22. Bf3 a5 23. b4 axb4 24. axb4 Nd7 25. Kd3 Rxa1 26. Rxa1 Nf6 27. Rd1 Ra8 28. Bg3 Re8 29. Kc2 {Maiorov,N (2540)-Prado Lobo,J (2188) La Roda 2019 ½-½ (51)}) 15. Bb5 N5f6 16. Ne2 a6 17. Ba4 Rfd8 18. Bc2 Ne5 19. b3 Nc6 20. Bf2 e5 21. Rad1 cxd4 22. exd4 Rac8 23. Kc1 e4 24. Kb2 Ne7 25. Rhe1 exf3 26. Ng1 Ned5 27. gxf3 Re8 28. Bf5 Rcd8 29. Rc1 g6 30. Bh3 Rxe1 31. Rxe1 Nf4 32. Bf1 N6d5 33. h4 Kf8 34. Bc4 Ng2 35. Rc1 Ngf4 36. Rc2 b5 37. Bf1 Re8 38. Bg3 Re3 39. Rd2 Bc8 40. Bf2 Re7 41. Ne2 Nxe2 42. Bxe2 Bf5 43. Bg3 Re3 44. Bf1 Ke7 45. Re2 Kd7 46. Rxe3 Nxe3 47. Be2 h5 48. Kc3 Kc6 49. a4 Nd5+ 50. Kd2 f6 51. Bf1 g5 52. Be1 Kb6 53. Bf2 Kc6 54. Bg3 Kb6 55. Kc1 Ne3 56. Be2 Ng2 57. d5 gxh4 58. Bh2 Kc5 59. d6 Be6 60. Bd3 f5 61. Kd2 f4 62. axb5 axb5 63. Bg1+ Kc6 64. b4 Bc4 65. Bg6 Kxd6 66. Bxh5 Be6 67. Ke2 h3 68. Kf2 Kd5 69. Bh2 Kd4 70. Ke2 Ke5 71. Be8 Bc4+ 72. Kf2 Ne3 73. Bd7 Nd5 74. Bxh3 Nxb4 75. Bc8 Nd3+ 76. Ke2 b4 77. Kd2 b3 78. Bxf4+ Kxf4 0-1

[Event "Wch U20 52nd"]
[Site "Kocaeli"]
[Date "2013.09.23"]
[Round "10"]
[White "Grover, Sahaj"]
[Black "Wei, Yi"]
[Result "0-1"]
[WhiteElo "2479"]
[BlackElo "2551"]
[PlyCount "44"]
[EventDate "2013.09.13"]
[EventType "swiss"]
[EventRounds "13"]
[EventCountry "TUR"]
[SourceTitle "CBM 156 Extra"]
[Source "ChessBase"]
[SourceDate "2013.10.22"]
[SourceVersion "1"]
[SourceVersionDate "2013.10.22"]
[SourceQuality "1"]

1. d4 Nf6 2. c4 e6 3. Nc3 Bb4 4. f3 O-O 5. e4 d5 6. e5 Nfd7 7. a3 Bxc3+ 8. bxc3 dxc4 9. h4 ({RR} 9. f4 Nb6 10. a4 a5 11. Nf3 Bd7 12. Qc2 f5 13. exf6 gxf6 14. Nd2 Qe8 15. Nxc4 Bxa4 16. Qa2 N8d7 17. Bd3 Bc6 18. Nxa5 Ba4 19. Nxb7 Bb5 20. Qxa8 Nxa8 21. Bxb5 c6 22. Nd6 Qb8 23. Bxc6 Qc7 {Stopa,J (2544)-Fedorchuk,S (2650) Palma de Mallorca 2015 0-1}) ({RR} 9. f4 Nb6 10. Nf3 Bd7 11. a4 a5 12. Qc2 f5 13. Nd2 Qe8 14. Nxc4 Bxa4 15. Qa2 N8d7 16. Ne3 Bc6 17. c4 Be4 18. Ba3 Rf7 19. Be2 Nb8 20. d5 Na6 21. dxe6 Qxe6 22. c5 Nd5 23. Bc4 c6 {Ning,I (1958)-Croad,N (2171) Palmerston North NZL 2024 0-1 (41)}) 9... c5 10. Bxc4 $146 ({RR} 10. h5 Qa5 11. h6 g6 12. Bd2 cxd4 13. cxd4 c3 14. Bg5 Nc6 15. Ne2 f6 16. Bxf6 Nxf6 17. exf6 Rxf6 18. Rc1 c2+ 19. Qd2 Qxa3 20. Rxc2 Bd7 21. Nc3 Raf8 22. Ra2 Qe7 23. Bc4 Rf4 24. Ne4 a6 {Simacek,P (2466)-Stocek,J (2525) Bystrice nad Pernstejnem CZE 2023 ½-½ (49)}) ({RR} 10. h5 Qa5 11. h6 g6 12. Bd2 cxd4 13. cxd4 c3 14. Bg5 Nc6 15. Ne2 f6 16. Bxf6 Nxf6 17. exf6 Rxf6 18. Rc1 c2+ 19. Qd2 Qxa3 20. Rxc2 Bd7 21. Nc3 Raf8 22. Ra2 Qe7 23. Bc4 Rf4 24. Ne4 a6 {Simacek,P (2466)-Stocek,J (2525) Bystrice nad Pernstejnem CZE 2023 ½-½ (49)}) 10... Qc7 11. Qd3 cxd4 12. cxd4 Nxe5 13. dxe5 Qxe5+ 14. Ne2 Qxa1 15. O-O Qf6 16. g4 Nd7 17. Bg5 Qe5 18. Be7 Re8 19. f4 Qc7 20. Bd6 Qb6+ 21. Kg2 Nf6 22. g5 Nd5 0-1

[Event "CHN-IND Summit 2nd"]
[Site "Liaocheng"]
[Date "2017.03.08"]
[Round "4.3"]
[White "Gupta, Abhijeet"]
[Black "Wei, Yi"]
[Result "0-1"]
[WhiteElo "2627"]
[BlackElo "2725"]
[PlyCount "102"]
[EventDate "2017.03.05"]
[EventType "team-schev"]
[EventRounds "4"]
[EventCountry "CHN"]
[SourceTitle "CBM 178"]
[Source "ChessBase"]
[SourceDate "2017.05.14"]
[SourceVersion "1"]
[SourceVersionDate "2017.05.14"]
[SourceQuality "1"]
[WhiteTeam "India"]
[BlackTeam "China"]
[WhiteTeamCountry "IND"]
[BlackTeamCountry "CHN"]

1. d4 Nf6 2. c4 e6 3. Nc3 Bb4 4. e3 O-O 5. Nge2 Re8 6. a3 Bf8 7. Ng3 d5 8. Be2 b6 9. cxd5 exd5 10. b4 Bb7 11. O-O Nbd7 12. Qb3 c6 13. Bf3 ({RR} 13. f3 a5 14. Rb1 b5 15. e4 Nb6 16. e5 Nfd7 17. f4 Nc4 18. Kh1 Qb6 19. Qd1 Nb8 20. f5 Na6 21. Bxc4 dxc4 22. Qg4 Red8 23. Be3 axb4 24. axb4 Nxb4 25. Rxb4 Ra3 26. Nge4 Rxc3 27. Nxc3 Bxb4 {Yu,Y (2709)-Duda,J (2753) Chess.com INT 2020 1-0 (34)}) 13... a6 ({RR} 13... a5 14. Rb1 g6 15. e4 axb4 16. axb4 c5 17. bxc5 bxc5 18. Qxb7 Rb8 19. Qa7 Ra8 20. Qb7 Rb8 21. Qa7 Ra8 22. Qb7 {½-½ (22) Deuer,M (2452)-Huschenbeth,N (2594) Ostfildern GER 2024}) ({RR} 13... a5 14. b5 c5 15. Nxd5 a4 16. Qa2 Bxd5 17. Bxd5 Nxd5 18. Qxd5 cxd4 19. exd4 Nf6 20. Qc4 Qd5 21. Qd3 Rac8 22. Bb2 Rc5 23. Ne2 Qc4 24. Qxc4 Rxc4 25. Nf4 Rc2 26. Rab1 Ne4 27. Rfc1 Rxb2 28. Rxb2 {Gupta,A (2606)-Vasquez Schroder,R (2476) Taleigao 2019 0-1 (47)}) 14. Rd1 $146 ({RR} 14. Bd2 g6 15. a4 h5 16. b5 h4 17. bxc6 Bxc6 18. Nge2 Ne4 19. Be1 Ndf6 20. Nf4 Kg7 21. Nd3 Bd6 22. Ne5 Bxe5 23. dxe5 Rxe5 24. Qb2 Ng5 25. Be2 Re8 26. f4 Ngh7 27. Bxh4 Kg8 28. Rad1 Rxe3 {Santos,M (2350)-Terao,J (2246) Brasilia 2019 1-0 (39)}) ({RR} 14. a4 g6 15. e4 dxe4 16. Ngxe4 Nxe4 17. Nxe4 Nf6 18. Bg5 Be7 19. Nxf6+ Bxf6 20. Bxf6 Qxf6 21. Rac1 Re7 22. a5 Qxd4 23. Bxc6 Bxc6 24. Rxc6 Rb8 25. b5 bxa5 26. Qa3 Qe4 27. Rxa6 Rxb5 28. Rxa5 Rb1 {Serrano Almendros,A (2177)-Ingunza Curro,A (2370) Salobrena 2022 ½-½ (31)}) 14... b5 15. e4 Nb6 16. e5 Nfd7 17. Bg4 a5 18. Rb1 Nc4 19. Nce2 axb4 20. axb4 Bc8 21. h3 Ndb6 22. Qf3 f6 23. Bh5 g6 24. exf6 Ra7 25. Bg5 Rf7 26. Bxg6 hxg6 27. Nf4 Rxf6 28. Qd3 Qd6 29. Bxf6 Qxf6 30. Nxg6 Bd6 31. Re1 Bd7 32. f4 Nb2 33. Rxe8+ Bxe8 34. Rxb2 Bxg6 35. f5 Bf7 36. Rb3 Qg5 37. Qf3 Qc1+ 38. Nf1 Nc4 39. Qg4+ Kf8 40. Qh4 Ke8 41. Rf3 Nd2 42. Re3+ Ne4 43. Qh8+ Kd7 44. Qh7 Ke8 45. f6 Qb2 46. Qf5 Kd8 47. Rd3 Bg6 48. Qf3 Ng5 49. Qe3 Bxd3 50. Qxg5 Qxd4+ 51. Kh1 Qf2 0-1

[Event "Hoogeveen m1"]
[Site "Hoogeveen"]
[Date "2017.10.25"]
[Round "5"]
[White "Ivanchuk, Vassily"]
[Black "Wei, Yi"]
[Result "1/2-1/2"]
[WhiteElo "2732"]
[BlackElo "2740"]
[PlyCount "153"]
[EventDate "2017.10.21"]
[EventType "match"]
[EventRounds "6"]
[EventCountry "NED"]
[SourceTitle "CBM 181"]
[Source "ChessBase"]
[SourceDate "2017.11.10"]
[SourceVersion "1"]
[SourceVersionDate "2017.11.10"]
[SourceQuality "1"]

1. d4 Nf6 2. c4 e6 3. Nc3 Bb4 4. e3 O-O 5. Bd3 c5 6. Nf3 d5 7. cxd5 exd5 8. dxc5 Nbd7 9. Bd2 Nxc5 10. Be2 Ne6 ({RR} 10... Bg4 11. a3 Bxf3 12. gxf3 Bxc3 13. Bxc3 Ne6 14. O-O Rc8 15. Qa4 d4 16. Rad1 Qb6 17. Bxd4 Nxd4 18. Qxd4 Qxd4 19. Rxd4 Rc2 20. Bd3 Rxb2 21. Rc1 g6 22. Rc7 Kg7 23. Kg2 a6 24. a4 Ne8 25. Re7 {So,W (2770)-Caruana,F (2820) Paris 2021 ½-½ (73)}) 11. O-O ({RR} 11. Qb3 Ba5 12. O-O d4 13. exd4 Nxd4 14. Nxd4 Qxd4 15. Rad1 Be6 16. Qxb7 Rab8 17. Qa6 Rxb2 18. Qxa5 Rxd2 19. Nb5 Rxa2 20. Qxa2 Qxd1 21. Rxd1 Bxa2 22. Nxa7 g6 23. Nc6 {½-½ (23) Bluebaum,M (2640)-So,W (2752) Duesseldorf GER 2025}) 11... a6 12. Qb3 Be7 13. Nd4 $146 ({RR} 13. Rfd1 b5 14. a3 Bb7 15. Be1 Rc8 16. Bf1 Bd6 17. Ne2 Ne4 18. Bb4 N6c5 19. Qa2 Qf6 20. Nc3 Qh6 21. g3 Nxc3 22. Bxc3 Ne4 23. Be1 d4 24. Rxd4 Nxg3 25. hxg3 Bxf3 26. Bg2 Bxg2 27. Kxg2 Be5 {Nisipeanu,L (2651)-Bosiocic,M (2545) Austria 2021 ½-½ (46)}) ({RR} 13. a4 Nc5 14. Qa2 Be6 15. Nd4 Bd6 16. Rfd1 Qe7 17. Be1 Rfd8 18. f3 Bd7 19. Bf2 Qe5 20. g3 Qh5 21. b4 Ne6 22. f4 Ng4 23. h4 Bxb4 24. Nxd5 Nxd4 25. Rxd4 Bc5 26. Rd2 Be6 27. Rad1 Re8 {Niemann,H (2699)-Vidit,S (2724) Saint Louis USA 2022 ½-½ (103)}) 13... Bc5 14. Nxe6 Bxe6 15. Qc2 Qd6 16. Rfd1 Rac8 17. Be1 b5 18. Bf3 b4 19. Ne4 dxe4 20. Rxd6 Bxd6 21. Qd1 Be5 22. Be2 Bxb2 23. Rb1 Bc3 24. Bxa6 Bxa2 25. Bxc3 bxc3 26. Ra1 c2 27. Qc1 Bb1 28. Bxc8 Rxc8 29. Rxb1 cxb1=Q 30. Qxb1 h6 31. h3 Rd8 32. Qb2 Re8 33. Qd4 Re6 34. Kh2 g5 35. Kg1 Nh7 36. Qd1 Nf6 37. Kh2 Kg7 38. Qd4 Re7 39. f3 Re6 40. Kg1 exf3 41. gxf3 Kg8 42. Kf2 Nh7 43. Kg3 Nf8 44. Kg4 Rg6 45. Kg3 Ne6 46. Qe5 Ng7 47. Kf2 Re6 48. Qd5 Kh7 49. h4 gxh4 50. e4 f5 51. e5 Rg6 52. Qd8 h3 53. Qh4 Re6 54. Qg3 Re7 55. Kg1 Re6 56. Kh2 Rg6 57. Qf4 Rg5 58. Kxh3 Rg6 59. Kh2 Rg5 60. Qc4 Rg6 61. Qf7 Re6 62. Qc7 Rg6 63. Kh3 Kg8 64. Qc8+ Kh7 65. f4 Rg4 66. Qc4 Nh5 67. e6 Nxf4+ 68. Kh2 Nh5 69. Qc7+ Ng7 70. Qf7 Rh4+ 71. Kg2 Rg4+ 72. Kf3 Re4 73. e7 Re5 74. Qf6 Re4 75. Qf7 Re5 76. Kg3 Re3+ 77. Kg2 1/2-1/2

[Event "Hoogeveen m1"]
[Site "Hoogeveen"]
[Date "2017.10.21"]
[Round "1"]
[White "Ivanchuk, Vassily"]
[Black "Wei, Yi"]
[Result "1/2-1/2"]
[WhiteElo "2732"]
[BlackElo "2740"]
[PlyCount "85"]
[EventDate "2017.10.21"]
[EventType "match"]
[EventRounds "6"]
[EventCountry "NED"]
[SourceTitle "CBM 181"]
[Source "ChessBase"]
[SourceDate "2017.11.10"]
[SourceVersion "1"]
[SourceVersionDate "2017.11.10"]
[SourceQuality "1"]

1. d4 Nf6 2. c4 e6 3. Nc3 Bb4 4. Qc2 O-O 5. a3 Bxc3+ 6. Qxc3 d5 7. Bg5 h6 8. Bxf6 Qxf6 9. Nf3 dxc4 10. Qxc4 Nc6 11. Qc3 Re8 12. Rd1 e5 13. d5 Nb8 14. e4 ({RR} 14. e3 Bg4 15. Be2 Nd7 16. O-O Rac8 17. Qb4 Bxf3 18. Bxf3 Qb6 19. Qxb6 axb6 20. Bg4 Rcd8 21. Bxd7 Rxd7 22. e4 Rd6 23. Rd3 b5 24. Rc1 c6 25. Kf1 Kf8 26. Ke2 Ke7 27. dxc6 bxc6 28. Rcd1 Rxd3 {So,W (2761)-Nakamura,H (2768) Saint Louis USA 2023 ½-½ (37)}) ({RR} 14. e3 Bg4 15. Be2 Qd6 16. O-O Nd7 17. h3 Bxf3 18. Bxf3 e4 19. Be2 a6 20. Rd4 f5 21. Rc1 Rac8 22. Rc4 Qxd5 23. Rd4 {1-0 (23) Bok,B (2583)-Smirnov,M (2336) chess.com INT 2025}) 14... c6 15. Bc4 Bg4 16. h3 $146 ({RR} 16. Rd3 cxd5 17. Bxd5 Nc6 18. h3 Bh5 19. Bxc6 bxc6 20. O-O Bxf3 21. Rxf3 Qg6 22. Re1 Rad8 23. Rd3 Rd6 24. Rc1 Rxd3 25. Qxd3 Re6 26. Qe3 Qg5 27. Qxg5 hxg5 28. Kf1 Kf8 29. Rc5 f6 30. Ke2 Ke8 {Dreev,A (2610)-Belyakov,B (2448) Obninsk 2022 ½-½ (52)}) ({RR} 16. Rd3 cxd5 17. Bxd5 Nc6 18. h3 Bh5 19. Bxc6 bxc6 20. O-O Bxf3 21. Rxf3 Qg6 22. Re1 Rad8 23. Rd3 Rd6 24. Rc1 Rxd3 25. Qxd3 Re6 26. Qe3 Qg5 27. Qxg5 hxg5 28. Kf1 Kf8 29. Rc5 f6 30. Ke2 Ke8 {Dreev,A (2610)-Belyakov,B (2448) Obninsk 2022 ½-½ (52)}) 16... Bxf3 17. Qxf3 Qxf3 18. gxf3 cxd5 19. Bxd5 Nc6 20. Bxc6 bxc6 21. Ke2 Reb8 22. Rd2 Rb3 23. Rc1 Rab8 24. Rxc6 Rxb2 25. Ra6 Rxd2+ 26. Kxd2 Rb1 27. Rxa7 Rh1 28. Ke2 Rxh3 29. Rd7 f5 30. exf5 Rh4 31. Ra7 Rf4 32. a4 Rxf5 33. a5 Kh7 34. Re7 e4 35. fxe4 Rxa5 36. Kf3 Kg6 37. Re6+ Kf7 38. Rb6 h5 39. Kg3 g5 40. Rh6 Ra3+ 41. f3 g4 42. Rxh5 gxf3 43. Rf5+ 1/2-1/2

[Event "GCT Warsaw 2024"]
[Site "Warsaw, Poland"]
[Date "2024.05.08"]
[Round "1.4"]
[White "Keymer, Vincent"]
[Black "Wei, Yi"]
[Result "1/2-1/2"]
[WhiteElo "2647"]
[BlackElo "2758"]
[PlyCount "260"]
[EventDate "2024.??.??"]

1. d4 Nf6 2. c4 e6 3. Nc3 Bb4 4. e3 O-O 5. Bd2 d5 6. Nf3 Nbd7 7. Rc1 c6 8. Bd3 Qe7 9. Qc2 dxc4 10. Bxc4 e5 11. a3 Bd6 12. Ba2 $146 ({RR} 12. O-O e4 13. Ng5 Bxh2+ 14. Kxh2 Ng4+ 15. Kg1 Qxg5 16. Qxe4 Qh4 17. Qf4 g5 18. Qg3 Qxg3 19. fxg3 Nb6 20. Bd3 h6 21. Ne4 Nd5 22. Rf3 Rd8 23. Rcf1 Rd7 24. Nc5 Re7 25. e4 Nb6 26. Bb4 a5 {Gupta,A (2628)-Karthikeyan,M (2630) chess.com INT 2021 1-0 (80)}) 12... Bb8 $146 ({RR} 12... exd4 13. Nxd4 Nc5 14. f3 Be5 15. Nce2 Bd6 16. O-O g6 17. e4 Nh5 18. g4 Qh4 19. Rf2 Ng7 20. e5 Be7 21. Nf4 Nce6 22. Ndxe6 Bxe6 23. Bxe6 fxe6 24. Qb3 Bg5 25. Ng2 Qh6 26. f4 Be7 27. Rf3 {Keymer,V (2726)-Sarana,A (2706) chess.com INT 2024 1-0 (74)}) 13. O-O h6 14. Nh4 Rd8 15. Ng6 Qd6 16. Nb5 cxb5 17. Qxc8 Qb6 18. Ne7+ Kf8 19. Nf5 g6 20. Bb4+ Kg8 21. Ne7+ Kg7 22. Qc2 exd4 23. Bxf7 d3 24. Qb3 Ne5 25. Bxg6 d2 26. Bxd2 Rxd2 27. Bb1 Nc4 28. Nf5+ Kh8 29. Rfd1 Rxd1+ 30. Rxd1 Be5 31. Nxh6 Rf8 32. Nf5 Nxb2 33. Rc1 Nc4 34. a4 Rg8 35. axb5 Nd2 36. Qb4 Nxb1 37. Ne7 Rg4 38. Qxb1 Bxh2+ 39. Kf1 Qe6 40. Rc8+ Kg7 41. Nf5+ Kh7 42. Nd4+ Qe4 43. Qxe4+ Nxe4 44. g3 Nxg3+ 45. fxg3 Bxg3 46. Ra8 a6 47. bxa6 bxa6 48. Ra7+ Kg6 49. Rxa6+ Kf7 50. Ke2 Be5 51. Nf5 Rg6 52. Ra7+ Ke6 53. e4 Rg1 54. Ra6+ Kd7 55. Ra5 Ke6 56. Ne3 Bd4 57. Nc4 Ra1 58. Rd5 Bf6 59. Rd6+ Ke7 60. Rb6 Bd4 61. Rh6 Rc1 62. Nd6 Bf6 63. Nf5+ Ke6 64. Ne3 Kf7 65. Ng4 Bg7 66. Ra6 Rc2+ 67. Kf3 Rc1 68. Kf4 Rf1+ 69. Kg5 Ra1 70. Rc6 Ra5+ 71. Kf4 Ra7 72. e5 Ra1 73. Kg5 Bxe5 74. Nxe5+ Ke7 75. Nf3 Kd7 76. Rh6 Rf1 77. Kf4 Ke7 78. Ke4 Kd7 79. Nd4 Ra1 80. Rg6 Rh1 81. Ke5 Rh5+ 82. Nf5 Kc7 83. Rg1 Kd7 84. Ra1 Kc6 85. Rc1+ Kd7 86. Rd1+ Kc6 87. Ke6 Kc5 88. Rc1+ Kb4 89. Ke5 Kb5 90. Rc8 Rg5 91. Ke4 Kb4 92. Ne3 Rh5 93. Nd5+ Kb5 94. Nc3+ Kb4 95. Kd4 Rh4+ 96. Ne4 Kb5 97. Rc1 Kb6 98. Rc2 Kb5 99. Rc5+ Kb6 100. Re5 Kc6 101. Re6+ Kb5 102. Rf6 Ka5 103. Kd5 Rh5+ 104. Kc4 Rh4 105. Re6 Rf4 106. Kd4 Rh4 107. Rg6 Kb5 108. Rf6 Ka5 109. Re6 Kb5 110. Rg6 Ka5 111. Kd5 Rh5+ 112. Kc4 Rh4 113. Re6 Rf4 114. Kc5 Rf5+ 115. Kd4 Rf4 116. Rh6 Kb5 117. Ke5 Rf1 118. Rd6 Re1 119. Rd2 Kc6 120. Rc2+ Kd7 121. Rc4 Re3 122. Rc1 Re2 123. Kd5 Rh2 124. Nc5+ Ke7 125. Re1+ Kf7 126. Rf1+ Ke7 127. Rf5 Rh1 128. Ne4 Rd1+ 129. Ke5 Ra1 130. Nc3 Re1+ 1/2-1/2

[Event "Ho Chi Minh City HD Bank op 7th"]
[Site "Ho Chi Minh City"]
[Date "2017.03.16"]
[Round "8"]
[White "Le, Quang Liem"]
[Black "Wei, Yi"]
[Result "1/2-1/2"]
[WhiteElo "2712"]
[BlackElo "2725"]
[PlyCount "49"]
[EventDate "2017.03.12"]
[EventType "swiss"]
[EventRounds "9"]
[EventCountry "VIE"]
[SourceTitle "CBM 177 Extra"]
[Source "ChessBase"]
[SourceDate "2017.04.27"]
[SourceVersion "1"]
[SourceVersionDate "2017.04.27"]
[SourceQuality "1"]

1. d4 Nf6 2. c4 e6 3. Nc3 Bb4 4. e3 c5 5. Bd3 O-O 6. Nge2 cxd4 7. exd4 d5 8. cxd5 Nxd5 9. O-O Nc6 10. Nxd5 exd5 11. Nf4 Bd6 12. Re1 Qf6 13. Nxd5 Qxd4 14. Be3 Qg4 15. h3 Qxd1 16. Raxd1 Be6 17. Be4 Rad8 18. a3 $146 ({RR} 18. f4 Rfe8 19. Kf2 f5 20. Bf3 Kf7 21. a3 Rd7 22. g4 Red8 23. b4 Bb8 24. Nc3 Rxd1 25. Rxd1 Rxd1 26. Bxd1 g6 27. Bf3 Bc4 28. Na4 Nd8 29. gxf5 gxf5 30. Nc5 b6 31. Nd7 Ke7 32. Nxb8 {1-0 (32) Vaisser,A (2502)-Karpov,A (2623) Platja d'Aro 2018}) 18... Bb8 19. f4 Rfe8 20. Kf2 Bxh3 21. Bxh7+ Kxh7 22. Rh1 f5 23. Rxh3+ Kg6 24. Rhh1 Kf7 25. Kf3 1/2-1/2

[Event "Beijing zt 3.5"]
[Site "Beijing"]
[Date "2012.09.20"]
[Round "11"]
[White "Lou, Yiping"]
[Black "Wei, Yi"]
[Result "1/2-1/2"]
[WhiteElo "2412"]
[BlackElo "2453"]
[PlyCount "51"]
[EventDate "2012.09.15"]
[EventType "swiss"]
[EventRounds "11"]
[EventCountry "CHN"]
[SourceTitle "EXT 2013"]
[Source "ChessBase"]
[SourceDate "2012.11.22"]
[SourceVersion "1"]
[SourceVersionDate "2012.11.22"]
[SourceQuality "1"]

1. d4 Nf6 2. c4 e6 3. Nc3 Bb4 4. Qc2 O-O 5. Nf3 c5 6. dxc5 Na6 7. Bd2 Nxc5 8. a3 Bxc3 9. Bxc3 Nce4 10. Bxf6 Nxf6 11. e3 b6 12. Be2 Bb7 13. O-O Qe7 ({RR} 13... Qc7 14. Rac1 Rac8 15. Rfd1 Rfd8 16. Qd2 Ne4 17. Qe1 a6 18. b4 h6 19. Nd2 Nf6 20. Nf3 Ne4 21. Nd2 Nf6 22. Nf3 Ne4 23. Nd2 {½-½ (23) Schekachikhin,M (2371)-Krallis,C (2383) Izmir TUR 2025}) 14. Rfd1 Rfd8 $146 ({RR} 14... Rfc8 15. Rac1 d5 16. Qa4 Bc6 17. Qa6 Bb7 18. Qa4 Bc6 19. Qa6 Bb7 {½-½ (19) Winants,L (2490)-Polugaevsky,L (2605) Antwerp 1993}) 15. Rac1 d6 16. Nd4 Rac8 17. Qa4 a6 18. Bf3 Bxf3 19. Nxf3 Qb7 20. Qb4 Qc7 21. Qe1 Qb7 22. Qe2 h6 23. h3 Rd7 24. Rc2 Ne4 25. Nd4 Nf6 26. Nf3 1/2-1/2

[Event "FIDE World Cup"]
[Site "Tromsoe"]
[Date "2013.08.17"]
[Round "3.1"]
[White "Mamedyarov, Shakhriyar"]
[Black "Wei, Yi"]
[Result "1/2-1/2"]
[WhiteElo "2775"]
[BlackElo "2551"]
[PlyCount "45"]
[EventDate "2013.08.11"]
[EventType "k.o."]
[EventRounds "7"]
[EventCountry "NOR"]
[SourceTitle "CBM 156"]
[Source "ChessBase"]
[SourceDate "2013.09.17"]
[SourceVersion "1"]
[SourceVersionDate "2013.09.17"]
[SourceQuality "1"]

1. d4 {ChessBase II} Nf6 2. c4 e6 3. Nc3 Bb4 4. Qc2 O-O 5. e4 d5 6. e5 Ne4 7. Bd3 c5 8. Nf3 cxd4 9. Nxd4 Nd7 10. Bf4 Qh4 11. g3 Qh5 12. O-O Bxc3 13. bxc3 g5 14. Be2 ({RR} 14. cxd5 exd5 15. Bxe4) 14... Qh3 ({RR} 14... Qg6 15. Be3 Nxe5 16. f3) 15. Bc1 Nxe5 16. Rb1 b6 17. cxd5 exd5 18. f3 Nxg3 19. hxg3 Qxg3+ 20. Kh1 Qh3+ 21. Kg1 Qg3+ 22. Kh1 $146 Qh3+ 23. Kg1 1/2-1/2

[Event "Tata Steel-B 77th"]
[Site "Wijk aan Zee"]
[Date "2015.01.23"]
[Round "11"]
[White "Michiels, Bart"]
[Black "Wei, Yi"]
[Result "0-1"]
[WhiteElo "2563"]
[BlackElo "2675"]
[PlyCount "74"]
[EventDate "2015.01.10"]
[EventType "tourn"]
[EventRounds "13"]
[EventCountry "NED"]
[EventCategory "13"]
[SourceTitle "CBM 165"]
[Source "ChessBase"]
[SourceDate "2015.03.11"]
[SourceVersion "1"]
[SourceVersionDate "2015.03.11"]
[SourceQuality "1"]

1. d4 Nf6 2. c4 e6 3. Nc3 Bb4 4. Qc2 O-O 5. a3 Bxc3+ 6. Qxc3 d6 7. Nf3 Nc6 8. b4 e5 9. dxe5 ({RR} 9. Bb2 Re8 10. e3 Bg4 11. d5 Nb8 12. Nd2 c6 13. e4 a5 14. Bd3 Nbd7 15. O-O c5 16. Nb3 b6 17. f3 Bh5 18. bxa5 bxa5 19. a4 h6 20. Bc1 Bg6 21. Bd2 Nh5 22. g3 Rf8 23. Nxa5 f5 {Ding,L (2702)-Fressinet,L (2700) Beijing 2012 0-1 (50)}) 9... dxe5 ({RR} 9... Nxe5 10. Nxe5 dxe5 11. Bb2 Re8 12. g3 Ne4 13. Qe3 Nd6 14. Rd1 Qf6 15. Qc1 Be6 16. Bg2 Nxc4 17. Bxb7 Rab8 18. Bc6 Rec8 19. O-O Nxb2 20. Qxb2 Bh3 21. Bd7 Bxf1 22. Bxc8 Bxe2 23. Qxe5 Rxc8 24. Qxe2 {Teclaf,P (2585)-Tregubov,P (2567) Solingen GER 2024 ½-½}) 10. Bb2 e4 11. Nd2 $146 ({RR} 11. Ng5 Re8 12. g3 h6 13. Rd1 Qe7 14. Nh3 e3 15. f3 a5 16. b5 Nb8 17. Nf4 c6 18. Bg2 Nbd7 19. O-O Nc5 20. Qc2 Bd7 21. Bd4 cxb5 22. cxb5 Rac8 23. Qb1 Red8 24. h4 Kf8 25. Rfe1 Kg8 {Cifka,S (2402)-Hinks Edwards,T (2328) Czech Republic CZE 2023 1-0 (34)}) ({RR} 11. Ng5 Re8 12. g3 h6 13. Nh3 a5 14. Bg2 axb4 15. axb4 Rxa1+ 16. Bxa1 Qe7 17. b5 Ne5 18. O-O Qc5 19. Nf4 Bf5 20. Rd1 Nfg4 21. e3 Qxc4 22. Qb2 c6 23. bxc6 bxc6 24. h3 Nf6 25. g4 Bh7 {Tran Ly,T (1957)-Findlay,I (2250) Edmonton 2016 1-0 (38)}) 11... Re8 12. g3 Bf5 13. Bg2 Ne5 14. O-O Qd7 15. Rfd1 Rad8 16. Qb3 Qe6 17. Bxe5 Qxe5 18. Nf1 Be6 19. Ne3 h5 20. h4 Ng4 21. Nxg4 hxg4 22. e3 Rd3 23. Qc2 Red8 24. Bf1 R8d6 25. a4 b6 26. Rac1 Bf5 27. Be2 c5 28. bxc5 Qxc5 29. Bxd3 exd3 30. Qb2 Be4 31. Rd2 Qf5 32. f4 gxf3 33. Qb5 Qg4 34. Kh2 Bf5 35. Qe5 Qh3+ 36. Kg1 Rg6 37. Rh2 f2+ 0-1

[Event "Belt and Road Hunan op-A"]
[Site "Changsha"]
[Date "2019.07.30"]
[Round "2"]
[White "Radovanovic, Mihajlo"]
[Black "Wei, Yi"]
[Result "0-1"]
[WhiteElo "2500"]
[BlackElo "2737"]
[PlyCount "94"]
[EventDate "2019.07.29"]
[EventType "swiss"]
[EventRounds "9"]
[EventCountry "CHN"]
[SourceTitle "CBM 191 Extra"]
[Source "ChessBase"]
[SourceDate "2019.09.30"]
[SourceVersion "1"]
[SourceVersionDate "2019.09.30"]
[SourceQuality "1"]

1. d4 Nf6 2. c4 e6 3. Nc3 Bb4 4. a3 Bxc3+ 5. bxc3 c5 6. e3 Nc6 7. Bd3 O-O 8. Ne2 b6 9. e4 Ne8 10. O-O Ba6 11. f4 f5 12. Ng3 g6 13. Be3 cxd4 14. cxd4 d5 15. cxd5 Bxd3 16. Qxd3 fxe4 17. Nxe4 Qxd5 18. Rad1 Rd8 19. Rfe1 Ng7 20. Ng5 e5 $146 ({RR} 20... Rd6 21. Qe2 Nf5 22. Nf3 Nxe3 23. Qxe3 Qf5 24. g3 Qd5 25. g4 b5 26. Re2 a5 27. Ng5 b4 28. axb4 axb4 29. Qh3 Rd7 30. Nxe6 Rb8 31. f5 b3 32. Qh6 Qf3 33. Rde1 Re7 34. fxg6 b2 35. Rb1 {Dai,C (2501)-Xiu Deshun (2510) Qingdao CHN 2024 ½-½ (36)}) ({RR} 20... Rd6 21. Qe2 Nf5 22. Nf3 Nxe3 23. Qxe3 Qf5 24. g3 Qd5 25. g4 b5 26. Re2 a5 27. Ng5 b4 28. axb4 axb4 29. Qh3 Rd7 30. Nxe6 Rb8 31. f5 b3 32. Qh6 Qf3 33. Rde1 Re7 34. fxg6 b2 35. Rb1 {Dai,C (2501)-Xiu Deshun (2510) Qingdao CHN 2024 ½-½ (36)}) 21. fxe5 Nxe5 22. Qe4 Nc4 23. Bc1 Nf5 24. Qe6+ Kh8 25. Re4 h6 26. Qxg6 hxg5 27. Rd3 Qxe4 28. Rh3+ Qh4 29. Rxh4+ gxh4 30. Qh5+ Kg7 31. Qg5+ Kh7 32. Qh5+ Kg8 33. Qg6+ Kh8 34. Qh5+ Kg8 35. Qg6+ Ng7 36. Bh6 Rd7 37. Bxg7 Rxg7 38. Qe6+ Kh8 39. Qh6+ Kg8 40. Qe6+ Kh7 41. Qxc4 Rfg8 42. Qd3+ Kh8 43. Qe4 Rxg2+ 44. Qxg2 b5 45. Qxg8+ Kxg8 46. Kg2 a5 47. Kf3 a4 0-1